Odborné kreslenie a strihy pre 1. ročník odborných učilíšť a učňovských škôl - učebný odbor pánsky krajčír /

Hlavní autor: Dvořák, Jaroslav
Jazyk: Slovenština
Vydáno: Bratislava : Alfa, 1970
Vydání: 4., nezm. vyd.
Edice: Edícia literatúry pre spotrebný priemysel (Alfa)
Fyzický popis: 167 s. : il. ; 4°
Knihy
Uloženo v:
LEADER 00925nam 22002412a 4500
001 000773529
003 CZ BrMZK
005 20050509070909.0
007 ta
008 050330s1970 xo a |||||||| ||slood
040 |a ABA001  |b cze  |c ABA001  |d ABA001  |d BOA001 
041 1 |a slo  |h cze 
100 1 |a Dvořák, Jaroslav  |7 jx20040720199  |4 aut 
245 1 0 |a Odborné kreslenie a strihy pre 1. ročník odborných učilíšť a učňovských škôl - učebný odbor pánsky krajčír /  |c Jaroslav Dvořák ; z češ. prel. Ružena Halásová 
250 |a 4., nezm. vyd. 
260 |a Bratislava :  |b Alfa,  |c 1970 
300 |a 167 s. :  |b il. ;  |c 4° 
490 1 |a Edícia literatúry pre spotrebný priemysel 
830 0 |a Edícia literatúry pre spotrebný priemysel (Alfa) 
910 |a BOA001  |b 4-0523.704-70 
990 |a BK 
991 |b 200505 
996 6 |b BC-198417  |c 4-0523.704-70  |l MZK  |r Sklad / do 1 hodiny  |n 0  |w 000773529  |u 000010  |a 1  |e BOA001  |j MZK50  |s P